UM Logo

Comprehensive criminology digest: (Record no. 1869)

MARC details
000 -LEADER
fixed length control field 00504nam a22001577a 4500
008 - FIXED-LENGTH DATA ELEMENTS--GENERAL INFORMATION
fixed length control field 160420b xxu||||| |||| 00| 0 eng d
020 ## - INTERNATIONAL STANDARD BOOK NUMBER
International Standard Book Number 9789719385707
082 ## - DEWEY DECIMAL CLASSIFICATION NUMBER
Edition number 2007
Classification number DFil 364.05
Item number Ag1c
100 ## - MAIN ENTRY--PERSONAL NAME
9 (RLIN) 5963
Personal name Agas, Juan L.
245 ## - TITLE STATEMENT
Title Comprehensive criminology digest:
Remainder of title criminal jurisprudence and procedures/
Statement of responsibility, etc. Juan L. Agas
260 ## - PUBLICATION, DISTRIBUTION, ETC. (IMPRINT)
Place of publication, distribution, etc. Naga City:
Name of publisher, distributor, etc. RCD Book Store,
Date of publication, distribution, etc. c2007.
300 ## - PHYSICAL DESCRIPTION
Extent iii, 337 pages:
Dimensions 24.5 cm.
650 #0 - SUBJECT ADDED ENTRY--TOPICAL TERM
9 (RLIN) 5964
Topical term or geographic name as entry element Crime
700 ## - ADDED ENTRY--PERSONAL NAME
9 (RLIN) 5965
Personal name Guevara, Ricardo M.
942 ## - ADDED ENTRY ELEMENTS (KOHA)
Source of classification or shelving scheme Dewey Decimal Classification
Koha item type Books
Holdings
Withdrawn status Lost status Source of classification or shelving scheme Damaged status Not for loan Collection code Home library Current library Shelving location Date acquired Source of acquisition Total Checkouts Full call number Barcode Date last seen Date last checked out Price effective from Koha item type
    Dewey Decimal Classification     Filipiniana UM Digos College - LIC UM Digos College - LIC Book Cart 09/18/2009 Purchased 1 DFil 364.05 Ag1c 2007 20500 08/05/2019 08/02/2019 04/20/2016 Filipiniana